000 00886nam a2200265Ia 4500
003 OSt
005 20220930094127.0
006 a|||||r|||| 00| 0
007 ta
008 220926b |||||||| |||| 00| 0 eng d
024 _a66612
037 _cTheses
040 _aCRL
_cCRL
_beng
041 _2eng
_aeng
100 _aSwain Biswabasu Au.
_9554474
110 _aUniversity of Delhi. Faculty of Social Science. Department of African Studies
_9520135
245 0 _aPolitical and economic engagements of India and China in Africa (1991-2012) Biswabasu Swain
260 _c2018
300 _a453p.
_ap.
_ccm.
650 _aAfrica
700 _a Yadav Arvind Kumar Gu.
_9554475
700 _aUniversity of Delhi. Faculty of Social Science. Department of African Studies
_9520137
942 _cDIS
_2CC
999 _c886605
_d886605